| 000 | 00985nem a2200253 u 4500 | ||
|---|---|---|---|
| 005 | 20200104041744.0 | ||
| 008 | 160513b2000 ck ||||| |a|| 00| 0 spa d | ||
| 040 |
_aCO-BoIAVH _cCO-BoIAVH |
||
| 041 | _aspa | ||
| 044 | _ack | ||
| 090 |
_aMC- _b0210 |
||
| 110 | 2 |
_aInstituto de Investigación de Recursos Biológicos Alexander von Humboldt. _9204 |
|
| 245 | 1 |
_aMapa de ecosistemas de los Andes Colombianos del año 2000 ; _bProyecto conservación y uso sostenible de la biodiversidad en los Andes Colombianos _h[Material Cartografico] |
|
| 255 | _a1:1´000.000 | ||
| 260 |
_aBogotá ; _bInstituto de Investigación de Recursos Biológicos Alexander von Humboldt. _c2000 |
||
| 300 |
_a1 mapa ; _bcolor. _c1.28 x 24 cm |
||
| 650 | 1 | 6 |
_aHidrografía _95361 |
| 650 | 1 | 6 |
_aGeografía _992259 |
| 650 | 1 | 6 |
_aEcosistemas _981434 |
| 710 | 2 |
_aGlobal environment Facility _911973 |
|
| 710 | 2 |
_aBanco Mundial _9799 |
|
| 710 | 2 |
_aEmbajada Real de los Paises Bajos _968050 |
|
| 942 |
_2z _cMapa |
||
| 999 |
_c18552 _d18552 |
||